<?xml version="1.0" encoding="UTF-8"?><OAI-PMH xmlns="http://www.openarchives.org/OAI/2.0/" xmlns:xsi="http://www.w3.org/2001/XMLSchema-instance"     xsi:schemaLocation="http://www.openarchives.org/OAI/2.0/ http://www.openarchives.org/OAI/2.0/OAI-PMH.xsd"><responseDate>2026-05-16T20:28:07Z</responseDate><request verb="GetRecord" identifier="oai:regmurcia.com:fintegr.1213" metadataPrefix="marc21">http://oai.regmurcia.com/oai2/oai2.php</request><GetRecord><record><header><identifier>oai:regmurcia.com:fintegr.1213</identifier><datestamp>2026-05-16</datestamp><setSpec>documentos</setSpec></header><metadata><record  xmlns="http://www.loc.gov/MARC21/slim" xmlns:xsi="http://www.w3.org/2001/XMLSchema-instance" xsi:schemaLocation="http://www.loc.gov/MARC21/slim http://www.loc.gov/standards/marcxml/schema/MARC21slim.xsd" type="Bibliographic"><leader>00000nam a2200000   4500</leader><controlfield tag="001" >005075089</controlfield><controlfield tag="003" >1213</controlfield><controlfield tag="004" >A00000000</controlfield><datafield tag="245" ind1=" " ind2=" "><subfield code="a">Testimonio notarial de la justicia de Elche de la entrega a los frailes de la Orden de los Predicadores de Murcia de una claúsula del testamento del infante Don Manuel.</subfield></datafield><datafield tag="300" ind1=" " ind2=" "><subfield code="c">215 x 369 mm.</subfield></datafield><datafield tag="351" ind1=" " ind2=" "><subfield code="a">Unidad Documental</subfield><subfield code="c">Archivo de Murcia. Array</subfield><subfield code="a">Unidad Documental</subfield><subfield code="c">Archivo de Murcia. Array</subfield></datafield><datafield tag="351" ind1=" " ind2=" "><subfield code="b">Nº 146</subfield></datafield><datafield tag="505" ind1=" " ind2=" "><subfield code="a">/codom/2/129.pdf</subfield></datafield><datafield tag="506" ind1=" " ind2=" "><subfield code="a">Acceso restringido</subfield></datafield><datafield tag="510" ind1=" " ind2=" "><subfield code="a">Conserva el sello pendiente de cera del concejo de Elche.</subfield></datafield><datafield tag="520" ind1=" " ind2=" "><subfield code="a">Testimonio notarial de la entrega de una claúsula del testamento del infante don Manuel hecha por Pedro Ramón, juez de Elche, y Arnald Pelegrín, lugarteniente del juez Guillem de Montserrat, a los frailes de la Orden de los Predicadores de Murcia. Incluye:&lt;/br&gt;- Carta de Jaime Pérez, procurador general del Reino de Murcia a los alcaldes de Elche, ordenando dar traslado a los frailes de la Orden de los Predicadores de Murcia de una claúsula del testamento del infante don Manuel  (1297-3-10. Elche).&lt;/br&gt;- Claúsula del testamento del infante don Manuel, ordenando concluir la casa de estos frailes en Murcia y concederles 2.000 maravedís para que rueguen por su alma. (1283-12-20. Peñafiel).</subfield></datafield><datafield tag="583" ind1=" " ind2=" "><subfield code="u">http://www.regmurcia.com/servlet/s.Sl?METHOD=VERDOCUMENTO&amp;sit=serv,Carmesi&amp;n=/01/2115/indice.djvu</subfield></datafield><datafield tag="592" ind1=" " ind2=" "><subfield code="a">1298-03-11</subfield></datafield><datafield tag="592" ind1=" " ind2=" "><subfield code="d">1298-03-11 00:00:00</subfield></datafield><datafield tag="651" ind1=" " ind2=" "><subfield code="a">Elche</subfield></datafield><datafield tag="786" ind1=" " ind2=" "><subfield code="o">http://www.regmurcia.com/servlet/s.Sl?METHOD=VERDOCUMENTO&amp;sit=serv,Carmesi&amp;n=/01/2115/indice.djvu</subfield></datafield><datafield tag="856" ind1=" " ind2=" "><subfield code="u">http://www.regmurcia.com/servlet/s.Sl?METHOD=DETALLE&amp;sit=c,373,m,139,serv,Carmesi&amp;id=1213</subfield></datafield></record></metadata></record></GetRecord></OAI-PMH>
